| 000 | 00767nam a22002177a 4500 | ||
|---|---|---|---|
| 003 | 0 | ||
| 005 | 20250120103114.0 | ||
| 008 | 150930b xxu||||| |||| 00| 0 eng d | ||
| 050 |
_aPHS DD 247.H5 _b.Ag284 2015 |
||
| 100 | _aAguon, Jude Joseph P. | ||
| 245 |
_aAdolf Hitler: brilliant or lunatic leader? _cJude Joseph P. Aguon |
||
| 260 |
_aLas PiƱas, Philippines : _bSouthville International School and Colleges, _c2015. |
||
| 300 |
_aiii, 20 p. : _bill. ; _c28 cm. |
||
| 504 | _aIncludes bibliographical references. | ||
| 600 | _aHitler, Adolf, 1889-1945 | ||
| 650 | _aNazi leadership. | ||
| 650 |
_aDictatorship _vPsychological aspects. |
||
| 650 |
_aWorld War II _vLeadership and command. |
||
| 650 |
_aLeadership _vPsychological aspects. |
||
| 942 |
_2lcc _cPASS |
||
| 999 |
_c288785 _d288785 |
||